• 首页
  • 本馆介绍
  • 公告通知
  • 最新文献
  • 馆藏检索
  • 电子资源
  • 读者导购
  • 参考咨询
  • 我的图书馆
  • 登录
  • 详细信息显示
  • 放入我的书架
  • 预约/预借图书
  • 作者相关作品
  • 分类相关作品
  • 丛书相关作品
  • 出版社相关作品

书目信息

  • 表格格式
  • 工作单格式
  • 卡片格式
题名:
外国家具资料
    
 
作者: 陈震旦 编译
分册:  
出版信息: 北京   人民美术出版社  1980
页数: [页数不连]
开本: 19cm
丛书名:
单 册:
中图分类: TS654
科图分类:
主题词: 木材加工
电子资源:
ISBN:
000 00606nam0 2200229 45
001 0180003546
005 20060816150928.39
010    @dCNY0.80
091    @a8027.7313
100    @a19950413d1980 em y0chiy0121 ea
101 0  @achi
102    @aCN@b110000
105    @ay z 000yy
200 10 @a外国家具资料@Awai guo jia ju zi liao@f陈震旦编译
210    @a北京@c人民美术出版社@d1980
215    @a[页数不连]@d19cm
606 0  @a木材加工
690    @aTS654
701  0 @a陈震旦@Achen zhen dan@4编译
801  0 @aCN@b上海图书馆@c20060816
801  2 @aCN@bNLC@c20060815
905    @f2@b45318-319@dTS654@e11
    
    外国家具资料/陈震旦编译.-北京:人民美术出版社,1980
    [页数不连];19cm
    
    
    ISBN :CNY0.80
    
●
相关链接 在E读中查询图书 在五车中查询图书 在当当中查询图书 在豆瓣中查询图书


正题名:外国家具资料     索取号:TS654/11         预约/预借

序号 登录号 条形码 馆藏地/架位号 状态 备注
1 0045317   001479028   第二样本阅览室/ [索取号:TS654/11] 在馆    
2 0045318   001479180   第三借阅区/ [索取号:TS654/11] 在馆    
3 0045319   001479171   密集书库/ [索取号:TS654/11] 在馆    
4 0458574   204585742   密集书库/ [索取号:TS654/11] 在馆    
5 0458722   204587223   密集书库/ [索取号:TS654/11] 在馆    
唐山师范学院图书馆 欢迎您!
大连网信软件有限公司© 版权所有